Statistiques concernant Les 50 catégories les plus streamées sur Twitch

Cliquez ici pour prendre le quiz!

Statistiques générales

  • Ce quiz a été pris 199 fois
    (19 depuis la dernière actualisation)
  • Le résultat moyen est 12 sur 50

Statistiques - réponses

ViewerCatégorie% Correct
124KLeague of Legends
81%
49,7KMinecraft
75%
139KFortnite
69%
363KJust Chatting
69%
60,4KValorant
69%
293KGrand Thief Auto V
63%
22,4KCall of Duty:Modern Warfare II
50%
64KCall of Duty: Warzone
50%
64,9KCounter-Strike
50%
14,6KPUBG: Battleground
50%
18,5KMusic
44%
24,7KApex Legends
38%
62,9KWorld of Warcraft
38%
14,4K
Art
31%
24,1KOverwatch 2
31%
12,6KPokémon Ecarlate/ Violet
31%
7,4KGenshin Impact
25%
8,4KPools, Hot Tubs, and Beaches
25%
12,6KASMR
19%
68,3KDota 2
19%
13,7KEscape from Tarkov
19%
118KRust
19%
19,5KSports
19%
10,7KStreet Fighter 6
19%
27,5KTeamfight Tactics
19%
9KBaldur's Gate 3
13%
22,1KCasino Jackpot
13%
7,9KChess
13%
17,3KDayZ
13%
22,3KDead by Daylight
13%
7,6KI'm Only Sleeping
13%
40,7KLethal Company
13%
47,8KSpecial Events
13%
12KTom Clancy's Rainbow Six Siege
13%
8,7KBlack Desert
6%
35KEA Sports FC24
6%
8,4KGod of War: Ragnarôk
6%
18,3KHearthstone
6%
37,2KPath of Exile
6%
20,8KSlots
6%
24,1KThe Finals
6%
18,9KVirtual Casino
6%
11,3KEscape of Tarkov: Arena
0%
14,6KHouse Flipper 2
0%
8,4KJitatsu
0%
11KLost Ark
0%
8KOnce Human
0%
14KReady or Not
0%
30,6KVariety
0%
13,9KWorld of Tanks
0%

Distribution des résultats

Percentile par nombre de réponses

% des personnes avec chaque résultat

Votre développement - résultats

Vous n’avez pas pris ce quiz depuis la dernière actualisation